Manuel pratique de l'art d'écrere

Furkejuvvon:
Bibliográfalaš dieđut
Váldodahkki: Courault, M.
Materiálatiipa: Girji
Giella:Undetermined
Almmustuhtton: París, Francia Hachette 1965
Fáttát:
Fáddágilkorat: Lasit fáddágilkoriid
Eai fáddágilkorat, Lasit vuosttaš fáddágilkora!

MARC

LEADER 00000nam a2200000Ia 4500
008 170316s9999 xx 000 0 und d
090 |a 415-F C-2m 
100 |a Courault, M. 
245 |a Manuel pratique de l'art d'écrere 
260 |a París, Francia 
260 |b Hachette 
260 |c 1965 
300 |a 169 páginas Tomo I 
650 |a GRAMÁTICA FRANCESA 
999 |c 19152  |d 19152 
040 |a cru BVZT 
942 |c 15 D  |h 415-F C-2m  |2 z